Les 20 plus gros transferts de l'histoire en Ligue 1. - Statistiques

Statistiques générales
  • Ce quiz a été pris 206 fois
  • Le résultat moyen est 14 sur 20
Statistiques - réponses
Saison Joueurs Prix
en euros
Club
Acheteur
Nationalités % Correct
2018/19 Kylian Mbappe 180M PSG France
100%
2017/18 Neymar 222M PSG Brésil
100%
2021/22 Achraf Hakimi 68M PSG Maroc
98%
2013/14 Edinson Cavani 64.5M PSG Uruguay
97%
2015/16 Angel Di Maria 63M PSG Argentine
88%
2013/14 Radamel Falcao 43M Monaco Colombie
86%
2012/13 Thiago Silva 42M PSG Brésil
85%
2016/17 Julian Draxler 36M PSG Allemagne
80%
2013/14 James Rodriguez 45M Monaco Colombie
78%
2018/19 Leandro Paredes 40M PSG Argentine
72%
2011/12 Javier Pastore 42M PSG Argentine
70%
2022/23 Vitinha 41M PSG Portugal
69%
2022/23 Nuno Mendes 38M PSG Portugal
68%
2020/21 Mauro Icardi 50M PSG Argentine
65%
2019/20 Wissam Ben Yedder 40M Monaco France
58%
2012/13 Lucas 40M PSG Brésil
57%
2014/15 David Luiz 49.5M PSG Brésil
51%
2018/19 Thilo Kehrer 37M PSG Allemagne
43%
2000/01 Nicolas Anelka 34.5M PSG France
40%
2023/24 Hugo Ekitike 36M PSG France
38%
Aucun quiz correspondant
Distribution des résultats
% des personnes avec chaque résultat
Percentile par nombre de réponses
Votre historique - résultats
Vous n’avez pas pris ce quiz